EL MONACATO PRIMITIVO /

CONTENIDO: V.1 HOMBRES, HECHOS, COSTUMBRES, INSTITUCIONES.-- V.2 LA ESPIRITUALIDAD

Guardado en:
Detalles Bibliográficos
Autor principal: Colombás, García M. (autor)
Formato: Libro
Colección:BIBLIOTECA DE AUTORES CRISTIANOS, NORMAL; 351, 376
Temas:
Etiquetas: Agrega una etiqueta
Sin etiquetas, Sé el primero en etiquetar este registro!

MARC

LEADER 00000nam^a2200000^a^4500
001 000227453
005 20250521000000.0
009 20260310104246.019
020 |a 84-220-0664-2 
035 |a 046101 
037 |a Acervo Xavier Clavigero 
082 |a 205.  |b GAR 
100 |a Colombás, García M.  |e (autor) 
245 1 3 |a EL MONACATO PRIMITIVO /  |c GARCIA M. COLOMBAS 
264 |a MADRID :  |b CATOLICA,  |c 1975 
300 |a 2V. 
336 |a texto  |b txt  |2 rdacontenido 
337 |a sin mediación  |b n  |2 rdamedio 
338 |a volumen  |b nc  |2 rdasoporte 
440 |a BIBLIOTECA DE AUTORES CRISTIANOS, NORMAL;  |v 351, 376 
520 |a CONTENIDO: V.1 HOMBRES, HECHOS, COSTUMBRES, INSTITUCIONES.-- V.2 LA ESPIRITUALIDAD 
520 |a INDICE 
649 |a XX 
650 |a Monasticismo y Ordenes Religiosas 
650 |a Iglesia -  |x Historia -  |y Primeros Tiempos 
650 |a Espiritualidad 
910 |a Fondo General 
920 |a Impresos - Libros 
930 |a Colección General 
905 |a 101 
901 |a 046520  |b IT1  |c ACC  |i 046520  |u 20250521 
901 |a 046101  |b IT1  |c ACC  |i 046101  |u 20250521 
902 |a https://opac.biblio.iteso.mx/vufind/Record/000227453